| 000 | 02724cam a22005294i 4500 | ||
|---|---|---|---|
| 001 | u36611 | ||
| 003 | PE-LiUPU | ||
| 005 | 20250731184554.0 | ||
| 008 | 150625s2005 pe a r 000 0 spa d | ||
| 020 | _a9972205630 | ||
| 035 | _a(Sirsi) i9789972205637 | ||
| 040 |
_aPE-LiUPU _bspa _cPE-LiUPU _erda |
||
| 049 | _aPRUA | ||
| 082 | 0 | 4 |
_a985.05 _bB24 _221 |
| 110 | 2 | _aEl Comercio Empresa Editora | |
| 245 | 1 | 0 |
_aJorge Basadre Grohmann : _bhistoria de la república del Perú [1822-1933]. _n1 / _cEl Comercio Empresa Editora. |
| 264 | 1 |
_aLima : _bEl Comercio, Empresa Editora, _c2005. |
|
| 300 |
_a301 páginas : _bil fotos, mapas ,colores ; _c29 centímetros |
||
| 336 |
_atext _2rdacontent |
||
| 337 |
_aunmediated _2rdamedia |
||
| 338 |
_avolume _2rdacarrier |
||
| 490 | 0 |
_aHistoria de la República del Perú ; _vI |
|
| 505 | 0 | _aEl choque entre el mundo de las ideas imperantes en el congeso constituyente y el mundo de los hechos (1822-25). -El incremento del ciego espíritu de facción en los peruanos frente al adversario común hasta noviembre de 1823. -La salvadora participación de Bolivar la utópica carta política de (1823 y la victoria militar (1823-1824) El aporte peruano a la victoria. -EL Aspecto `peruano del congreso de Panamá. -La fundación de Bolivia y su relación con el Perú. El nacimiento del problema de Arica. -La maduración de la tendencia centrífuga peruana hacia el norte,como estímulo para el proyecto vitalicio. -El facil colapso del régimen vitalicio. | |
| 526 | _aP136 | ||
| 526 | _aP135 | ||
| 526 | _aP134 | ||
| 526 | _aP133 | ||
| 526 | _aP144 | ||
| 526 | _aP143 | ||
| 526 | _aP87 | ||
| 526 | _aP35 | ||
| 526 | _aP20 | ||
| 526 | _aP14 | ||
| 526 | _aP10 | ||
| 526 | _aP06 | ||
| 596 | _a1 2 | ||
| 651 |
_aPerú _xHistoria _yRepublicana, 1822-1932. |
||
| 910 | _cigq | ||
| 942 |
_2ddc _cBOOK |
||
| 994 |
_aC0 _bPEPRU |
||
| 949 |
_a985.05 B24 1 _wDEWEY _c1 _i55832 _d2016-10-2 _e2016-9-29 _f2018-2-8 _g2 _lCCODEBUL1 _mBUL _n1 _p6.00 _r0 _sY _tBOOK _u2015-6-25 _xEDUCACION _zUNKNOWN _0COMPRA _o.STAFF. Colección General |
||
| 949 |
_a985.05 B29 1962 _wDEWEY _c1 _iFT01572 _lCCODEBUT1 _mBUT _p15.00 _r0 _sY _tBOOK _u2016-2-12 _xBIBLIOTECA _zUNKNOWN _0DONACION _o.STAFF. Colección General |
||
| 999 |
_a985.05 B24 1 _wDEWEY _c44703 _i55832 _d44703 _e2016-9-29 _f2021-11-8 _g5 _lCCODEBUL1 _mBUL _n1 _p6.00 _r0 _sY _tBOOK _u2015-6-25 _xBIBLIOTECA _zUNKNOWN _0COMPRA _o.STAFF. Colección General |
||
| 999 |
_a985.05 B29 1962 _wDEWEY _c1 _iFT01572 _f2019-2-20 _g1 _lCCODEBUT1 _mBUT _p15.00 _r0 _sY _tBOOK _u2016-2-12 _xBIBLIOTECA _zUNKNOWN _0DONACION _o.STAFF. Colección General |
||
| 980 |
_81 _gALBERTO SANCHEZ Responsable de Automatización |
||